Taylor Swift 47 - Statistics

General Stats
  • This quiz has been taken 15 times
    4 since last reset
  • The average score is 298 of 309
Answer Stats
Answer % Correct
16
100%
a
100%
all
100%
along
100%
American
100%
an
100%
and
100%
around
100%
at
100%
ate
100%
babies
100%
baby
100%
bad
100%
bar
100%
barbed
100%
boys
100%
broke
100%
brought
100%
but
100%
by
100%
cab
100%
clues
100%
color
100%
cool
100%
curious
100%
cutting
100%
demons
100%
didn't
100%
dinner
100%
down
100%
favorite
100%
first
100%
for
100%
gave
100%
gold
100%
green
100%
healing
100%
heart
100%
heaven
100%
hell
100%
I
100%
in
100%
invisible
100%
isn't
100%
it
100%
it's
100%
journey
100%
just
100%
LA
100%
Lakes
100%
like
100%
little
100%
looked
100%
make
100%
me
100%
meet
100%
mistakes
100%
money
100%
my
100%
mystical
100%
no
100%
now
100%
of
100%
on
100%
one
100%
ooh
100%
open
100%
our
100%
Park
100%
past
100%
pink
100%
presents
100%
pretty
100%
purple
100%
read
100%
said
100%
see
100%
send
100%
she
100%
shirt
100%
shop
100%
signs
100%
singer
100%
single
100%
skies
100%
so
100%
some
100%
somebody
100%
song
100%
spot
100%
string
100%
teal
100%
that
100%
the
100%
their
100%
then
100%
there
100%
think
100%
thread
100%
tied
100%
time
100%
to
100%
trip
100%
tying
100%
used
100%
was
100%
were
100%
when
100%
where
100%
who
100%
wire
100%
with
100%
work
100%
would
100%
wrapped
100%
yogurt
100%
you
100%
your
100%
axe
75%
blood
75%
bold
75%
Centennial
75%
chains
75%
compasses
75%
dive
75%
fine
75%
getting
75%
grass
75%
grind
75%
into
75%
leaves
75%
lunch
75%
out
75%
pulled
75%
showed
75%
something
75%
waitress
75%
arms
50%
blues
50%
brave
50%
cold
50%
seasons
50%
steel
50%
three-year
50%
wool
50%
wrong
50%
right
25%
wondrous
25%
No matching quizzes found
Score Distribution
Percent of People with Each Score
Percentile by Number Answered
Your Score History
You have not taken this quiz since the last reset